01357cam a22003495a 45000010009000000050017000090080041000260200022000670200022000890200025001110200025001360400069001610820020002301000027002502450121002772600056003983000033004545000027004875000024005145040031005386500029005696510010005986530020006086550024006287000023006527000022006758560083006979060045007809420008008259990017008339520157008501542717520150519145634.0080825s2009 enka frbd 001 0 eng d a0230551610 (hbk.) a0230551629 (pbk.) a9780230551619 (hbk.) a9780230551626 (pbk.) aDLCcDLCdBWKUKdBWKdUKMdYDXCPdBWXdCDXdNLGGCdDLCdEG-ScBUE00a302.23222bBAL1 aBalnaves, Mark.93804410aMedia theories and approaches :ba global perspective /cMark Balnaves, Stephanie Hemelryk Donald, Brian Shoesmith. aHampshire ;aNew York :bPalgrave Macmillan,c2009. axx, 339 p. :bill. ;c26 cm. aGlossary : p. 304-310. aIndex : p. 335-339. aBibliography : p. 311-333. 7aMass media.2BUEsh99699 2BUEsh bCOMAMEcMay2015 vreading book9342321 aDonald, Stephanie.1 aShoesmith, Brian.413Table of contents onlyuhttp://www.loc.gov/catdir/toc/ecip0826/2008037818.html a7bcbccorignewd1eecipf20gy-gencatlg 2ddc c19377d19349 00102ddc40708BaccahaMAINbMAINc1STd2015-05-19epurchaseg292.00h22487l9m20o302.23 BALp000038239r2025-07-15 00:00:00s2020-12-24v365.00yBB